Paesi al meridiano ovest di 120 gradi - Statistics

Statistiche generali
  • Questo quiz è stato fatto 25 volte
  • Il punteggio medio è 16 su 20
Statistiche sulle risposte
gradi nazione % Corretto
Canada
100%
35.04° Cuba
100%
Stati Uniti
100%
10.55° Cile
96%
40.98° Colombia
96%
28.32° Ecuador
96%
2.88° Messico
96%
45.52° Haiti
92%
36.95° Panama
92%
38.66° Perù
92%
30.64° Honduras
88%
34.05° Costa Rica
83%
29.87° El Salvador
83%
41.63° Giamaica
83%
30.76° Belize
79%
32.31° Nicaragua
79%
27.78° Guatemala
71%
40.69° Bahamas
63%
30.19° Kiribati
33%
37.32° Isole Cook
13%
Nessun quiz corrispondente trovato
Distribuzione punteggi
Percentuale di utenti per punteggio
Percentile per numero di risposta
I tuoi punteggi nel tempo
Non hai fatto questo quiz